[Event "Turm Illingen- SC Heimbach-Weiß/Neuwied"]
[Site "?"]
[Date "2019.11.24"]
[Round "3.1"]
[White "Winterberg, Lukas"]
[Black "Mayer, Frank"]
[Result "1-0"]
[WhiteElo "2386"]
[BlackElo "2315"]
[PlyCount "89"]
[SourceDate "2019.11.24"]

1. Nf3 f5 2. d3 Nc6 3. d4 e6 4. c4 Nf6 5. g3 Bb4+ 6. Bd2 Qe7 7. Bg2 Bxd2+ 8.
Nbxd2 d6 9. O-O O-O 10. Nb1 e5 11. Nc3 Qf7 12. d5 Nb8 13. c5 Na6 14. cxd6 cxd6
15. Nb5 e4 16. Ng5 Qh5 17. Ne6 Bxe6 18. dxe6 Rfe8 19. e3 Qxd1 20. Rfxd1 d5 21.
Nd6 Rxe6 22. Nxf5 Kf8 23. Rac1 g6 24. Nd4 Rb6 25. Rd2 Nb4 26. b3 Nc6 27. Bh3
Nxd4 28. exd4 a5 29. Rc7 a4 30. Rb2 axb3 31. Rxb3 Rc6 32. Rxc6 bxc6 33. Rb7
Rxa2 34. Be6 Ra4 35. g4 g5 36. Rf7+ Ke8 37. Rxf6 Ke7 38. Rh6 Rxd4 39. Bf5 Rd1+
40. Kg2 c5 41. Rxh7+ Kd6 42. h4 gxh4 43. g5 Ra1 44. g6 Ra8 45. Rf7 1-0

[Event "Turm Illingen- SC Heimbach-Weiß/Neuwied"]
[Site "?"]
[Date "2019.11.24"]
[Round "3.2"]
[White "Klein, Joachim"]
[Black "Boidmann, Yuri"]
[Result "1-0"]
[WhiteElo "2158"]
[BlackElo "2375"]
[PlyCount "74"]
[SourceDate "2019.11.24"]

1. e4 c5 2. Nf3 e6 3. d4 cxd4 4. Nxd4 a6 5. c4 Nf6 6. Nc3 Bb4 7. Qd3 Nc6 8. Nc2
Bc5 9. Be2 h5 10. Be3 Ne5 11. Qd2 Qc7 12. f3 h4 13. O-O-O h3 14. g3 b5 15. cxb5
Bxe3 16. Qxe3 axb5 17. Nxb5 Qc6 18. Rd6 Nc4 19. Rxc6 Nxe3 20. Nxe3 dxc6 21.
Nc7+ Ke7 22. Nxa8 Nd7 23. Nc4 Ba6 24. Nc7 Bc8 25. Na5 Rh5 26. b4 c5 27. a3 cxb4
28. axb4 f5 29. f4 Rh8 30. exf5 e5 31. Nd5+ Kd6 32. Rd1 exf4 33. Nxf4+ Kc7 34.
Ne6+ Kb6 35. Rd6+ Ka7 36. Nc6+ Ka8 37. Bf3 Nb6 1-0

[Event "Turm Illingen- SC Heimbach-Weiß/Neuwied"]
[Site "?"]
[Date "2019.11.24"]
[Round "3.3"]
[White "Schulz, Klaus-Jürgen"]
[Black "Kuhn, Patrick"]
[Result "1-0"]
[WhiteElo "2325"]
[BlackElo "2009"]
[PlyCount "69"]
[SourceDate "2019.11.24"]

1. Nf3 d5 2. d4 Nf6 3. c4 dxc4 4. e3 Bg4 5. Bxc4 e6 6. Nc3 c5 7. Qa4+ Nbd7 8.
Ne5 Bh5 9. d5 exd5 10. Nxd5 a6 11. Nxd7 Nxd7 12. Be2 Bg6 13. Bd2 b5 14. Qf4 Ra7
15. a4 b4 16. Bxa6 Be7 17. Bb5 O-O 18. Nxe7+ Qxe7 19. O-O Nf6 20. Rfc1 Ne4 21.
Be1 Rc8 22. Bxb4 Qe6 23. Be1 Nd6 24. Be2 Be4 25. Rd1 Ne8 26. f3 Bc2 27. Rd2 Bb3
28. Bd1 Rca8 29. Bxb3 Qxb3 30. Ra3 Qe6 31. Rc2 Qe7 32. a5 Nc7 33. Rd3 Ne6 34.
Qe5 Qb7 35. Bc3 1-0

[Event "Turm Illingen- SC Heimbach-Weiß/Neuwied"]
[Site "?"]
[Date "2019.11.24"]
[Round "3.4"]
[White "Giese, Tilman"]
[Black "Ronge, Tim"]
[Result "0-1"]
[WhiteElo "2001"]
[BlackElo "2144"]
[PlyCount "126"]
[SourceDate "2019.11.24"]

1. Nf3 Nf6 2. g3 g6 3. Bg2 d5 4. O-O Bg7 5. c4 Nc6 6. cxd5 Nxd5 7. Nc3 Nb6 8.
d3 O-O 9. Be3 e5 10. Rc1 Re8 11. Re1 h6 12. a3 Nd4 13. Bd2 c6 14. b4 Be6 15.
Rb1 Qe7 16. Na4 Rad8 17. Nc5 Bd5 18. e4 Be6 19. Nxd4 Rxd4 20. Be3 Rdd8 21. b5
Nc4 22. Qc1 Nxe3 23. Qxe3 b6 24. Nxe6 Qxe6 25. a4 Rd4 26. Rec1 cxb5 27. axb5
Red8 28. Bf1 Bf8 29. Rc7 R4d7 30. Rbc1 Kg7 31. R1c6 Qa2 32. Qf3 Be7 33. d4 Bd6
34. Rxd7 Rxd7 35. Qc3 Qe6 36. Bc4 exd4 37. Qxd4+ Qe5 38. Qd1 Qxe4 39. Bxf7 Kxf7
40. Rxd6 Rxd6 41. Qxd6 Qb1+ 42. Kg2 Qxb5 43. Qc7+ Ke6 44. Qxa7 Qc6+ 45. Kg1 g5
46. Qa3 b5 47. Qd3 Ke7 48. Qh7+ Kd8 49. Qg7 Qd6 50. Kf1 b4 51. Ke2 Qb6 52. Qg8+
Kc7 53. Qb3 Qd4 54. h3 Kd6 55. Qc2 Kd5 56. Qf5+ Qe5+ 57. Qxe5+ Kxe5 58. Kd3 h5
59. f3 h4 60. gxh4 gxh4 61. Kc4 Kf4 62. Kxb4 Kxf3 63. Kc3 Kg3 0-1

[Event "Turm Illingen- SC Heimbach-Weiß/Neuwied"]
[Site "?"]
[Date "2019.11.24"]
[Round "3.5"]
[White "Puth, Dieter"]
[Black "Biehler, Thomas"]
[Result "0-1"]
[WhiteElo "2213"]
[BlackElo "2208"]
[PlyCount "58"]
[SourceDate "2019.11.24"]

1. d4 Nf6 2. c4 e6 3. Nf3 d5 4. g3 Be7 5. Bg2 O-O 6. O-O dxc4 7. Ne5 Nc6 8.
Nxc6 bxc6 9. Na3 Bxa3 10. bxa3 Nd5 11. Qc2 Ba6 12. Rd1 Qe7 13. a4 e5 14. Bb2 e4
15. Bxe4 c3 16. Bc1 Rfe8 17. Bxh7+ Kh8 18. e4 Nb4 19. Qxc3 Kxh7 20. Ba3 c5 21.
f3 Rab8 22. dxc5 Nc6 23. Kg2 Red8 24. Rd5 Rxd5 25. exd5 Qe2+ 26. Kh3 Kg6 27.
Rh1 Rh8+ 28. Kg4 Ne5+ 29. Kf4 Nd3+ 0-1

[Event "Turm Illingen- SC Heimbach-Weiß/Neuwied"]
[Site "?"]
[Date "2019.11.24"]
[Round "3.6"]
[White "Hauer, Andreas"]
[Black "Roos , Thomas"]
[Result "0-1"]
[WhiteElo "1928"]
[BlackElo "2122"]
[PlyCount "114"]
[SourceDate "2019.11.24"]

1. c4 d6 2. Nc3 e5 3. Nf3 f5 4. d4 e4 5. Ng5 Be7 6. Nh3 c6 7. e3 Nf6 8. Be2 Na6
9. Nf4 Nc7 10. b3 d5 11. Bd2 O-O 12. O-O g5 13. Nh5 Nxh5 14. Bxh5 g4 15. f3
exf3 16. gxf3 Bd6 17. c5 Bxh2+ 18. Kxh2 Qh4+ 19. Kg1 Qg3+ 20. Kh1 Qh3+ 21. Kg1
Qxh5 22. Rf2 Bd7 23. Rh2 Qg6 24. Rg2 Rf7 25. Qe1 Ne6 26. f4 h5 27. Qh4 Rh7 28.
Ne2 Kf7 29. Nc1 Qg7 30. Nd3 Nxd4 31. Rf1 Ne6 32. Ne5+ Ke8 33. Rc1 Qe7 34. Be1
Qxh4 35. Bxh4 Nf8 36. Rb2 Be6 37. b4 Nd7 38. b5 Nxe5 39. fxe5 Bd7 40. bxc6 Bxc6
41. Rh2 Kd7 42. Kf2 Ke6 43. Bf6 Rg8 44. Kg3 Be8 45. Rb1 Rf8 46. Rb3 Bc6 47. Ra3
a6 48. Rb3 Rc8 49. Rb6 Rcc7 50. Kf4 Rcd7 51. Rb4 a5 52. Rb3 d4 53. Rd3 dxe3 54.
Rxd7 Rxd7 55. Kxe3 g3 56. Rxh5 g2 57. Rg5 Rd1 0-1

[Event "Turm Illingen- SC Heimbach-Weiß/Neuwied"]
[Site "?"]
[Date "2019.11.24"]
[Round "3.7"]
[White "Jahn, Peter"]
[Black "Aubertin, Tim"]
[Result "1-0"]
[WhiteElo "2063"]
[BlackElo "1916"]
[PlyCount "29"]
[SourceDate "2019.11.24"]

1. d4 e6 2. c4 f5 3. Nc3 Nf6 4. e3 d5 5. Bd3 c6 6. Nge2 Bd6 7. Qc2 Ne4 8. O-O
O-O 9. f3 Nxc3 10. Nxc3 b6 11. b3 Nd7 12. cxd5 cxd5 13. Nb5 Bb8 14. Qc6 Ba6 15.
f4 1-0

[Event "OLSW 1920 SK Landau - Turm Illingen"]
[Site "?"]
[Date "2019.12.08"]
[Round "4.1"]
[White "Mayer, Frank"]
[Black "Lang, Torsten"]
[Result "1/2-1/2"]
[WhiteElo "2297"]
[BlackElo "2327"]
[PlyCount "30"]
[EventDate "2019.??.??"]

1. g3 g6 2. Bg2 Bg7 3. Nf3 Nf6 4. O-O O-O 5. c4 d6 6. Nc3 e5 7. d3 h6 8. Rb1 a5
9. a3 Nc6 10. b4 axb4 11. axb4 Be6 12. b5 Ne7 13. Qb3 Qd7 14. Rd1 Bh3 15. Bh1
Rfe8 1/2-1/2

[Event "OLSW 1920 SK Landau - Turm Illingen"]
[Site "?"]
[Date "2019.12.08"]
[Round "4.2"]
[White "Leuranguer, Yannick"]
[Black "Klein, Joachim"]
[Result "1/2-1/2"]
[WhiteElo "2249"]
[BlackElo "2186"]
[PlyCount "53"]
[EventDate "2019.??.??"]

1. e4 e5 2. Nf3 Nc6 3. d4 exd4 4. Nxd4 Bb4+ 5. Nc3 Nf6 6. Nxc6 bxc6 7. Bd3 d5
8. exd5 cxd5 9. O-O O-O 10. Bg5 c6 11. Qf3 Rb8 12. h3 Bd6 13. Rab1 Re8 14. Rfe1
Re5 15. Rxe5 Bxe5 16. Re1 Qd6 17. Bxf6 gxf6 18. Qh5 Be6 19. Nd1 Qb4 20. Kf1 Qd2
21. Qxh7+ Kf8 22. Bf5 Rb4 23. Bxe6 fxe6 24. Qh8+ Kf7 25. Qh7+ Kf8 26. Qh8+ Kf7
27. Qh7+ 1/2-1/2

[Event "OLSW 1920 SK Landau - Turm Illingen"]
[Site "?"]
[Date "2019.12.08"]
[Round "4.3"]
[White "Kuhn, Patrick"]
[Black "Bruch, Jochen"]
[Result "1/2-1/2"]
[WhiteElo "2027"]
[BlackElo "2194"]
[PlyCount "75"]
[EventDate "2019.??.??"]

1. c4 g6 2. g3 Bg7 3. Bg2 e5 4. e4 d6 5. Ne2 Nc6 6. O-O Nh6 7. Nbc3 O-O 8. d3
f5 9. Nd5 a5 10. Bd2 Nf7 11. a3 Nd4 12. Nxd4 exd4 13. h4 c6 14. Nf4 Ne5 15. Qc2
a4 16. b3 axb3 17. Qxb3 Rf7 18. Rfb1 Qf6 19. Rf1 Nd7 20. Qc2 Nc5 21. exf5 Bxf5
22. Bb4 Bh6 23. Bxc5 Bxf4 24. Bb4 Bh6 25. Bd2 Bxd2 26. Qxd2 Re8 27. Rae1 Rfe7
28. Rxe7 Rxe7 29. Rb1 Qe5 30. Bf1 Bg4 31. Qb4 Bf3 32. Bg2 Bxg2 33. Kxg2 Kg7 34.
Qd2 Rf7 35. Re1 Qf5 36. Re4 Qf3+ 37. Kg1 c5 38. Qe2 1/2-1/2

[Event "OLSW 1920 SK Landau - Turm Illingen"]
[Site "?"]
[Date "2019.12.08"]
[Round "4.4"]
[White "Silber, Gerhard"]
[Black "Giese, Tilman"]
[Result "1-0"]
[WhiteElo "2206"]
[BlackElo "2005"]
[PlyCount "101"]
[EventDate "2019.??.??"]

1. d4 Nf6 2. Bg5 e6 3. e4 Be7 4. e5 Nd5 5. Bxe7 Qxe7 6. c4 Nb6 7. Nc3 Qb4 8.
Qb3 Nc6 9. Qxb4 Nxb4 10. O-O-O a5 11. f4 Ke7 12. Nf3 d6 13. a3 Na6 14. b3 Rd8
15. Be2 Bd7 16. Rd2 Kf8 17. Rhd1 Bc6 18. d5 exd5 19. cxd5 Bd7 20. Nd4 dxe5 21.
fxe5 Re8 22. Nf3 Nc5 23. Kb2 c6 24. Bf1 Rac8 25. e6 fxe6 26. dxc6 Bxc6 27. Nb5
Ne4 28. Rc2 Nd5 29. Re1 Ndf6 30. Nfd4 Bd5 31. Nc7 Rxc7 32. Rxc7 e5 33. Nf5 Bc6
34. Nxg7 Rb8 35. Bc4 Nd7 36. Ne6+ Ke7 37. Rxc6 bxc6 38. Rxe4 Nb6 39. Nc5 Kd6
40. b4 axb4 41. axb4 Nd5 42. Bxd5 cxd5 43. Rh4 d4 44. Kb3 Rg8 45. g3 Rg7 46.
Kc4 Rf7 47. Rh6+ Kc7 48. b5 Re7 49. b6+ Kb8 50. Rc6 h5 51. b7 1-0

[Event "OLSW 1920 SK Landau - Turm Illingen"]
[Site "?"]
[Date "2019.12.08"]
[Round "4.5"]
[White "Biehler, Thomas"]
[Black "Bernhardt, Rolf"]
[Result "1-0"]
[WhiteElo "2214"]
[BlackElo "2197"]
[PlyCount "77"]
[EventDate "2019.??.??"]

1. c4 f5 2. g3 Nf6 3. Nc3 g6 4. Bg2 Bg7 5. Nf3 d6 6. O-O O-O 7. d4 c6 8. d5 e5
9. dxe6 Bxe6 10. Qd3 Re8 11. Ng5 Nbd7 12. Nxe6 Rxe6 13. Qc2 Nb6 14. b3 d5 15.
Rb1 dxc4 16. bxc4 Qd4 17. Qb3 Nfd7 18. Na4 Nxa4 19. Qxa4 Rxe2 20. Rxb7 Nc5 21.
Rxg7+ Kxg7 22. Qxc6 Rae8 23. Bb2 Qxb2 24. Qxc5 Qb6 25. Qd5 Qb2 26. c5 R8e5 27.
Qd7+ Re7 28. Qd8 Qe5 29. c6 Rxa2 30. Rc1 Rc7 31. h4 f4 32. Rc5 Qa1+ 33. Bf1 Rf7
34. c7 Rxf2 35. Kxf2 fxg3+ 36. Kxg3 Qxf1 37. Qd4+ Kh6 38. Qe3+ Kg7 39. c8=Q 1-0

[Event "OLSW 1920 SK Landau - Turm Illingen"]
[Site "?"]
[Date "2019.12.08"]
[Round "4.6"]
[White "Lang, Matthias"]
[Black "Hauer, Andreas"]
[Result "1/2-1/2"]
[WhiteElo "2165"]
[BlackElo "1916"]
[PlyCount "90"]
[EventDate "2019.??.??"]

1. d4 e6 2. Nf3 c5 3. c3 d5 4. Bf4 Bd6 5. Bg3 Qc7 6. e3 Nf6 7. Nbd2 Nbd7 8. Bd3
O-O 9. O-O b6 10. Qe2 Bxg3 11. hxg3 Bb7 12. e4 dxe4 13. Nxe4 Nxe4 14. Bxe4 Bxe4
15. Qxe4 Rfe8 16. Rfe1 Rad8 17. Rad1 Nf6 18. Qh4 cxd4 19. Rxd4 Rxd4 20. Qxd4
Rd8 21. Qa4 Qd7 22. Qxd7 Rxd7 23. Kf1 Kf8 24. Nd4 Ke8 25. Ke2 Rd5 26. b4 Kd7
27. a4 Ne4 28. Kd3 Nxf2+ 29. Kc4 Ng4 30. b5 Ne5+ 31. Kb3 Rc5 32. Rd1 Ke7 33.
Rf1 Kd7 34. Rd1 Ke7 35. Rh1 h6 36. Re1 Kd6 37. Rd1 Ke7 38. Re1 Kd6 39. Rd1 Ke7
40. Rf1 Kd7 41. Rd1 Ke8 42. Re1 Rd5 43. Ra1 Kd7 44. a5 Kc7 45. a6 Kd6 1/2-1/2

[Event "OLSW 1920 SK Landau - Turm Illingen"]
[Site "?"]
[Date "2019.12.08"]
[Round "4.7"]
[White "Aubertin, Tim"]
[Black "Karpa, Adrian"]
[Result "0-1"]
[WhiteElo "1907"]
[BlackElo "2153"]
[PlyCount "59"]
[EventDate "2019.??.??"]

1. d4 Nf6 2. Bf4 d5 3. e3 e6 4. Nf3 Bd6 5. Bg3 c5 6. c3 Qc7 7. Bd3 Nbd7 8. Nbd2
O-O 9. Qe2 Re8 10. O-O Bxg3 11. hxg3 e5 12. Bf5 e4 13. Nh2 h5 14. Rfc1 Nf8 15.
Bxc8 Raxc8 16. g4 cxd4 17. exd4 h4 18. Ndf1 Ne6 19. Re1 Nf4 20. Qd2 Nh7 21. Ne3
Rcd8 22. Nf5 h3 23. gxh3 Nxh3+ 24. Kh1 N3g5 25. Qe3 g6 26. Nh4 Ne6 27. Rg1 Nhg5
28. Ng2 Kg7 29. Qg3 Rh8 30. Qxc7 0-1

[Event "OLSW 1920 SC Heimbach-Weis-Neuwied - SK "]
[Site "?"]
[Date "2019.12.08"]
[Round "4.1"]
[White "Ovsejevitsch, Sergei"]
[Black "Winterberg, Lukas"]
[Result "1-0"]
[WhiteElo "2600"]
[BlackElo "2398"]
[PlyCount "119"]
[EventDate "2019.??.??"]

1. d4 Nf6 2. c4 e6 3. Nc3 d5 4. cxd5 Nxd5 5. g3 c5 6. Nf3 cxd4 7. Nxd5 Qxd5 8.
Qxd4 Nc6 9. Qxd5 exd5 10. Bg2 g6 11. O-O Bg7 12. Rd1 d4 13. Bf4 O-O 14. Rac1
Re8 15. Kf1 a5 16. Ne1 Bg4 17. Rd2 Rac8 18. Nd3 Bf8 19. Rdc2 h6 20. h3 Be6 21.
Bd2 Bxa2 22. Nc5 Nb4 23. Bxb4 axb4 24. Bxb7 Rc7 25. Ne4 Rxc2 26. Rxc2 Re7 27.
Bd5 Rxe4 28. Bxa2 Re7 29. Rc8 Rd7 30. Bc4 Kg7 31. b3 Be7 32. Ke1 Bg5 33. Rb8
Ra7 34. f4 Be7 35. Kd2 Rd7 36. Kd3 f5 37. h4 Bf8 38. Rb6 Be7 39. Rb5 h5 40. Rb6
Bf6 41. Rxb4 Re7 42. Kd2 Re3 43. Rb7+ Be7 44. Ke1 Kf8 45. Kf2 Rc3 46. Kg2 Rc2
47. Rd7 Rd2 48. Kf3 Ke8 49. Rb7 Kf8 50. b4 Rb2 51. b5 Rb4 52. Bd3 Bd8 53. Kf2
Ba5 54. Ra7 Bd8 55. Ke1 Be7 56. Kd1 Kf7 57. Kc2 Ke6 58. Rc7 Kf7 59. Bc4+ Kf8
60. Kd3 1-0

[Event "OLSW 1920 SC Heimbach-Weis-Neuwied - SK "]
[Site "?"]
[Date "2019.12.08"]
[Round "4.2"]
[White "Boidman, Yuri"]
[Black "Kling, Felix"]
[Result "1/2-1/2"]
[WhiteElo "2335"]
[BlackElo "2154"]
[PlyCount "81"]
[EventDate "2019.??.??"]

1. d4 d5 2. c4 c6 3. cxd5 cxd5 4. Nc3 Nf6 5. Bf4 Nc6 6. e3 Ne4 7. Qb3 Nxc3 8.
bxc3 g6 9. Bb5 Bg7 10. Nf3 O-O 11. Bxc6 bxc6 12. O-O f6 13. h3 Bf5 14. c4 Qd7
15. Rac1 Rac8 16. Rc3 dxc4 17. Qxc4+ Be6 18. Qc5 Bd5 19. Ra3 Ra8 20. Bg3 Rfe8
21. Qc2 Rec8 22. e4 Bf7 23. Rb1 Bf8 24. Ra6 e6 25. Qa4 Be8 26. Qb3 Bf7 27. e5
f5 28. Qb7 Qc7 29. Ng5 Rab8 30. Rxa7 Rxb7 31. Rbxb7 Qd8 32. Nxf7 Qxd4 33. Nd6
Rb8 34. Rxb8 Qxa7 35. Rb7 Qa8 36. Rd7 h6 37. Bf4 g5 38. Be3 Bxd6 39. exd6 Qa3
40. Bb6 Qb4 41. Bc7 1/2-1/2

[Event "OLSW 1920 SC Heimbach-Weis-Neuwied - SK "]
[Site "?"]
[Date "2019.12.08"]
[Round "4.3"]
[White "Frede, Lennart"]
[Black "Schulz, Klaus-Juergen"]
[Result "0-1"]
[WhiteElo "2182"]
[BlackElo "2325"]
[PlyCount "132"]
[EventDate "2019.??.??"]

1. e4 c5 2. Nf3 e6 3. Nc3 a6 4. g3 b5 5. Bg2 Bb7 6. d3 d6 7. O-O Nd7 8. Bf4 h6
9. Re1 e5 10. Bd2 g5 11. a4 b4 12. Nd5 Ne7 13. c3 bxc3 14. bxc3 Bg7 15. Rb1 Rb8
16. d4 O-O 17. h4 g4 18. Nh2 Nxd5 19. exd5 f5 20. dxe5 Nxe5 21. Bf4 Qd7 22. Nf1
Rbe8 23. Qb3 Bc8 24. Qb8 Nf7 25. Qb3 Rxe1 26. Rxe1 Be5 27. Bxe5 Nxe5 28. Nd2 f4
29. c4 Qf5 30. Be4 Qf6 31. Rf1 Bf5 32. Qc2 Bd7 33. Qb3 Kg7 34. Qb2 Rf7 35. Qb3
Re7 36. Kh1 Bf5 37. Qc2 Nf3 38. Bxf5 Nxd2 39. Qxd2 Qxf5 40. Re1 Rxe1+ 41. Qxe1
fxg3 42. fxg3 Kf6 43. Kh2 Qe5 44. Qd2 Kg6 45. Qd3+ Qf5 46. Qe3 Kf7 47. Kg2 h5
48. Kg1 Kf6 49. Kg2 Qe5 50. Qh6+ Ke7 51. Qh7+ Kd8 52. Qd3 Kc7 53. Qh7+ Kb6 54.
Qd7 Qe2+ 55. Kg1 Qe3+ 56. Kf1 Qf3+ 57. Ke1 Qxg3+ 58. Ke2 Ka5 59. Qc7+ Kxa4 60.
Qb6 Qf3+ 61. Kd2 Qf2+ 62. Kd1 g3 63. Qxa6+ Kb4 64. Qxd6 g2 65. Qb6+ Kc3 66.
Qa5+ Kd3 0-1

[Event "OLSW 1920 SC Heimbach-Weis-Neuwied - SK "]
[Site "?"]
[Date "2019.12.08"]
[Round "4.4"]
[White "Ronge, Tim"]
[Black "Friedrich, Marius"]
[Result "1-0"]
[WhiteElo "2175"]
[BlackElo "2078"]
[PlyCount "89"]
[EventDate "2019.??.??"]

1. d4 d5 2. c4 c6 3. Nf3 Nf6 4. e3 a6 5. Nc3 g6 6. Be2 Bg7 7. O-O O-O 8. Ne5
Bf5 9. Qb3 Ra7 10. cxd5 cxd5 11. Bd2 Nc6 12. Nxc6 bxc6 13. Rac1 Qa8 14. f3 c5
15. dxc5 e5 16. Na4 Rb8 17. Nb6 Qc6 18. Qd1 d4 19. e4 Be6 20. a3 Nd7 21. Nd5
Bxd5 22. exd5 Qxd5 23. Bc4 Qc6 24. b4 Nf6 25. Qb3 Rd7 26. Qd3 Ra7 27. Qb3 Rd7
28. a4 Nd5 29. Bd3 Nc3 30. Bxc3 dxc3 31. Rxc3 Bf8 32. Be4 Qe6 33. Qxe6 fxe6 34.
Rb1 Rc7 35. a5 Kf7 36. Kf1 Rd8 37. Rd3 Rd4 38. Ke2 Kf6 39. Rxd4 exd4 40. Kd3 e5
41. Bd5 Bh6 42. Bc4 Ra7 43. Ke4 Bd2 44. Kd5 d3 45. c6 1-0

[Event "OLSW 1920 SC Heimbach-Weis-Neuwied - SK "]
[Site "?"]
[Date "2019.12.08"]
[Round "4.6"]
[White "Roos, Thomas"]
[Black "Erlekam, Simon"]
[Result "1/2-1/2"]
[WhiteElo "2169"]
[BlackElo "1879"]
[PlyCount "35"]
[EventDate "2019.??.??"]

1. d4 Nf6 2. c4 g6 3. Nc3 Bg7 4. e4 d6 5. Be2 Na6 6. Nf3 c5 7. d5 Nc7 8. O-O
O-O 9. Bf4 a6 10. a4 b6 11. Qd2 Rb8 12. Rab1 b5 13. axb5 axb5 14. e5 Nh5 15.
Bh6 bxc4 16. Bxc4 Bg4 17. Bxg7 Nxg7 18. exd6 1/2-1/2

[Event "OLSW 1920 SC Heimbach-Weis-Neuwied - SK "]
[Site "?"]
[Date "2019.12.08"]
[Round "4.7"]
[White "Grieb, Lukas"]
[Black "Fink, Christian"]
[Result "0-1"]
[WhiteElo "1787"]
[BlackElo "2150"]
[PlyCount "78"]
[EventDate "2019.??.??"]

1. e4 d5 2. exd5 Nf6 3. Bc4 Nbd7 4. Nc3 Nb6 5. Bb3 a5 6. a3 a4 7. Ba2 Bg4 8.
Nf3 Nfxd5 9. Nxd5 Nxd5 10. h3 Bh5 11. O-O Qd6 12. d4 c6 13. Re1 Qf6 14. g4 Bg6
15. Ne5 h5 16. g5 Qf5 17. Nxg6 Qxg6 18. c4 Nc7 19. Bb1 Qd6 20. Qf3 Ne6 21. g6
f6 22. d5 Nd4 23. Qe4 c5 24. Bf4 Qd7 25. Kg2 Ra6 26. Qe3 h4 27. Kh2 Kd8 28. Be4
Rb6 29. Rad1 Rb3 30. Qd2 Rxh3+ 31. Kg1 Qg4+ 32. Kf1 Nb3 33. Qe2 Qxf4 34. d6 e5
35. Rd3 Rxd3 36. Qxd3 Nd2+ 37. Kg1 h3 38. Bxb7 e4 39. Bxe4 Bxd6 0-1

[Event "OLSW 1920 SC Heimbach-Weis-Neuwied - SK "]
[Site "?"]
[Date "2019.12.08"]
[Round "4.8"]
[White "Kaster, Juergen"]
[Black "Grieb, Stefan"]
[Result "0-1"]
[WhiteElo "2088"]
[BlackElo "1864"]
[PlyCount "112"]
[EventDate "2019.??.??"]

1. f4 d5 2. Nf3 Nf6 3. b3 e6 4. Bb2 Be7 5. e3 c5 6. Be2 Nc6 7. Bb5 Bd7 8. O-O
a6 9. Bxc6 Bxc6 10. Ne5 O-O 11. d3 Rc8 12. Nd2 b5 13. Rf3 Nd7 14. Rh3 Nxe5 15.
Qh5 h6 16. fxe5 Bg5 17. Qe2 d4 18. exd4 cxd4 19. Nf1 Bb7 20. Rg3 Qc7 21. Qg4 f5
22. exf6 Bxf6 23. Qxe6+ Qf7 24. Qxf7+ Rxf7 25. Rg4 Rxc2 26. Bc1 Kh7 27. Bd2 Re7
28. Rf4 Re2 29. Rf2 Rxf2 30. Kxf2 Bg5 31. Rd1 Rxa2 32. g3 Bd5 33. Ke1 Bxb3 34.
Rb1 Bc2 35. Rb4 Bxd3 36. Bxg5 hxg5 37. Nd2 Ra4 38. Rxa4 bxa4 39. Nf3 a3 40.
Nxd4 a2 41. Nb3 Bc4 42. Na1 Kg6 43. Kf2 Kf5 44. Kf3 g4+ 45. Ke3 Ke5 46. Nc2 a5
47. Kd2 Bb3 48. Na1 a4 49. Ke3 Bg8 50. Kd3 Bh7+ 51. Kc3 Ke4 52. Nc2 a1=Q+ 53.
Nxa1 Kf3 54. Kb4 Kg2 55. Kxa4 Kxh2 56. Kb4 Kxg3 0-1

[Event "OLSW 1920 SK Frankenthal - SF Heidesheim"]
[Site "?"]
[Date "2019.12.08"]
[Round "4.1"]
[White "Carow, Johannes"]
[Black "Syrov, Arkadi"]
[Result "1-0"]
[WhiteElo "2438"]
[BlackElo "2355"]
[PlyCount "117"]
[EventDate "2019.??.??"]

1. c4 Nf6 2. Nc3 g6 3. g3 Bg7 4. Bg2 O-O 5. e4 Nc6 6. Nge2 a6 7. O-O b5 8. e5
Ng4 9. d4 bxc4 10. Nf4 Nh6 11. Nh5 Nf5 12. Nxg7 Kxg7 13. g4 Nfxd4 14. Be3 Nb5
15. Qd2 Rb8 16. Bh6+ Kg8 17. Bxf8 Qxf8 18. f4 Nd8 19. Ne4 d6 20. a4 Na7 21.
exd6 cxd6 22. f5 Nac6 23. f6 e5 24. Nxd6 Bxg4 25. Rae1 Be6 26. Re4 Nd4 27. Rh4
Rb6 28. Ne4 Bf5 29. a5 Rb3 30. Nc3 Bd3 31. Re1 Nf5 32. Rh3 Qc5+ 33. Kh1 Ne6 34.
Nd5 e4 35. Ne7+ Nxe7 36. Qh6 Qg5 37. fxe7 Qxh6 38. Rxh6 Rb8 39. Bxe4 Re8 40.
Bxd3 cxd3 41. Rh3 Nc5 42. Rd1 Rxe7 43. b4 Ne4 44. Kg2 Rb7 45. Rhxd3 Rxb4 46.
Re3 Rb2+ 47. Kf1 f5 48. Rd7 Rb1+ 49. Re1 Rxe1+ 50. Kxe1 Nc5 51. Rd6 Kf7 52. Rc6
Nb3 53. Rxa6 g5 54. Ra8 Nxa5 55. Rxa5 Kg6 56. h3 f4 57. Kf2 Kh5 58. Ra6 Kh4 59.
Rh6# 1-0

[Event "OLSW 1920 SK Frankenthal - SF Heidesheim"]
[Site "?"]
[Date "2019.12.08"]
[Round "4.2"]
[White "Neuberger, Guido"]
[Black "Karst, Elmar"]
[Result "0-1"]
[WhiteElo "2240"]
[BlackElo "2295"]
[PlyCount "82"]
[EventDate "2019.??.??"]

1. d4 d5 2. Bf4 Nf6 3. e3 c5 4. c3 Nc6 5. Nd2 Bf5 6. Qb3 Qc8 7. Ngf3 e6 8. Ne5
Nxe5 9. dxe5 Nd7 10. c4 dxc4 11. Nxc4 a6 12. Rd1 Rb8 13. Be2 b5 14. Nd6+ Bxd6
15. exd6 O-O 16. O-O e5 17. Bg3 Rb6 18. Rd2 Be6 19. Qc2 Qb8 20. Rfd1 Rc8 21. f4
exf4 22. Bxf4 c4 23. Bf3 b4 24. Be4 h6 25. Bh7+ Kh8 26. Bf5 c3 27. bxc3 bxc3
28. Rf2 Rb2 29. Qd3 Rxf2 30. Bxe6 fxe6 31. Kxf2 Qb2+ 32. Qe2 c2 33. Rd2 Qc3 34.
Bxh6 c1=Q 35. Rd3 Qf6+ 36. Bf4 Rc2 37. Rb3 Rxe2+ 38. Kxe2 Qc2+ 39. Kf3 Ne5+ 40.
Kg3 Qfg6+ 41. Bg5 Qxg5+ 0-1

[Event "OLSW 1920 SK Frankenthal - SF Heidesheim"]
[Site "?"]
[Date "2019.12.08"]
[Round "4.3"]
[White "Enzmann, Steffen"]
[Black "Fulea, Dan"]
[Result "1/2-1/2"]
[WhiteElo "2173"]
[BlackElo "2217"]
[PlyCount "56"]
[EventDate "2019.??.??"]

1. Nf3 g6 2. g3 Bg7 3. Bg2 e5 4. d3 Ne7 5. O-O O-O 6. e4 d5 7. Nbd2 d4 8. Nc4
f6 9. c3 c5 10. b4 b5 11. Na3 cxb4 12. cxb4 Qb6 13. Bd2 Be6 14. Nh4 Nd7 15. f4
Rac8 16. f5 Bf7 17. fxg6 hxg6 18. Bh3 Rfd8 19. Rc1 Qa6 20. Rxc8 Nxc8 21. Bxd7
Rxd7 22. Qg4 Rc7 23. Nxg6 Qxa3 24. Nxe5 Qxa2 25. Nxf7 Qxd2 26. Nd8 Qe3+ 27. Rf2
Rc2 28. Qe6+ Kh7 1/2-1/2

[Event "OLSW 1920 SK Frankenthal - SF Heidesheim"]
[Site "?"]
[Date "2019.12.08"]
[Round "4.4"]
[White "Syska, Albert"]
[Black "Siegismund, Annelen"]
[Result "1-0"]
[WhiteElo "2213"]
[BlackElo "2139"]
[PlyCount "53"]
[EventDate "2019.??.??"]

1. e4 c5 2. Nf3 e6 3. d4 cxd4 4. Nxd4 a6 5. Bd3 Bc5 6. Nb3 Ba7 7. Qe2 Nc6 8.
Be3 d6 9. Nc3 e5 10. Bc4 b5 11. Bd5 Qc7 12. O-O-O Nf6 13. Bg5 Bg4 14. f3 Be6
15. Kb1 Rc8 16. Bxf6 gxf6 17. Bxc6+ Qxc6 18. Nd5 f5 19. Na5 Qa8 20. c4 bxc4 21.
Nxc4 Bc5 22. Ncb6 Qc6 23. Nxc8 Bxd5 24. Nxd6+ Bxd6 25. Rxd5 fxe4 26. Qxe4 f5
27. Rxe5+ 1-0

[Event "OLSW 1920 SK Frankenthal - SF Heidesheim"]
[Site "?"]
[Date "2019.12.08"]
[Round "4.5"]
[White "Faldum, Manfred"]
[Black "Prestel, Oliver"]
[Result "1-0"]
[WhiteElo "2063"]
[BlackElo "2134"]
[PlyCount "63"]
[EventDate "2019.??.??"]

1. Nf3 d5 2. g3 Bg4 3. Bg2 Nd7 4. c4 c6 5. cxd5 cxd5 6. Qa4 Ngf6 7. Nc3 e6 8.
Ne5 Bf5 9. d3 Be7 10. e4 dxe4 11. dxe4 Bg4 12. h3 Bh5 13. g4 Bg6 14. O-O a6 15.
Nxg6 hxg6 16. e5 Nd5 17. Nxd5 exd5 18. Rd1 b5 19. Qd4 Nb6 20. Be3 Rb8 21. e6
Bf6 22. exf7+ Kxf7 23. Qf4 g5 24. Qf3 Kg6 25. Qf5+ Kh6 26. Bxd5 g6 27. Qf3 Qe7
28. Rd2 Rhf8 29. Qg3 Be5 30. Qh4+ Kg7 31. Bxg5 Bh2+ 32. Kh1 1-0

[Event "OLSW 1920 SK Frankenthal - SF Heidesheim"]
[Site "?"]
[Date "2019.12.08"]
[Round "4.6"]
[White "Geyer, Bernhard"]
[Black "Foerster, Erik"]
[Result "1-0"]
[WhiteElo "2155"]
[BlackElo "2100"]
[PlyCount "85"]
[EventDate "2019.??.??"]

1. e4 e6 2. Nc3 d5 3. g3 Nf6 4. Bg2 Be7 5. d4 O-O 6. Nge2 c5 7. exd5 exd5 8.
O-O Nc6 9. Bg5 cxd4 10. Nxd4 Ne4 11. Bxe7 Nxc3 12. Bxd8 Nxd1 13. Nxc6 bxc6 14.
Be7 Nxb2 15. Bxf8 Kxf8 16. Rab1 Nc4 17. Rfe1 Bf5 18. Re2 Na3 19. Rb2 Rc8 20. c3
Bd3 21. Re1 Nb5 22. Rc1 Nd6 23. f3 Rc7 24. Bf1 Bxf1 25. Kxf1 Nc4 26. Rb8+ Ke7
27. Kf2 h5 28. Rcb1 Nb6 29. Ke3 Kd6 30. Re8 g6 31. h4 Na4 32. Kd2 Nc5 33. Rbb8
Nd7 34. Rbd8 Rb7 35. Kc2 c5 36. g4 d4 37. Rf8 Ke6 38. Rde8+ Kd5 39. Rxf7 Kc4
40. cxd4 cxd4 41. Rc8+ Kd5 42. Rd8 Ke6 43. Rdxd7 1-0